00236nam a2200097Ia 4500100002000000654002200020245003300042260003600075082001500111546001200126 aRuoff/Arthur L  aMaterials Science aIntrd. to Materials Science bprentice hallaNew Jerseyc1972 a620.1bRUO aENGLISH